Ultimate Drake vs. Kendrick Lamar Quiz - Statistics

General Stats
  • This quiz has been taken 248 times
  • The average score is 17 of 25
Answer Stats
Hint Answer % Correct
In the song above, Kendrick Lamar says instead of there being a big 3, there is just a big ___. Me
95%
According to Drake, and a leaked Twitter video, there is no Big 3, there's just big _ D
92%
What Future + Kendrick Lamar song reignited the beef? Like That
92%
According to Euphoria, what Kendrick Lamar diss track did Drake try to cease-and-desist? Like That
92%
According to Push Ups, what size shoe does Kendrick wear? 7
88%
According to Not Like Us, what chord is Drake trying to strike? A Minor
87%
What Drake + J Cole song began the beef? First Person Shooter
86%
How many push ups does Drake want Kendrick to drop and give him? 50
85%
What is the only Kendrick Lamar song that features Drake? Poetic Justice
83%
Which five people does Kendrick write a letter do on Meet the Grahams? Adonis
79%
According to Drake, since Kendrick just opened his mouth, what should he be handed? Grammy
78%
What legendary west-coast rappers tell Kendrick that he has to respond on Taylor Made Freestyle? Tupac / Snoop Dogg
76%
#5 Drake
73%
#2 Sandra (Mom)
73%
#3 Dennis (Dad)
68%
According to Push Ups, what does Drake want Metro to shut his hoe ass up and do? Make some drums
63%
Which artists dissed Drake on the second Metro Boomin + Future album? A$AP Rocky / The Weeknd
61%
What rapper dissed Drake by calling him a white boy? Rick Ross
58%
According to Drake, which Canadian R&B artist's music is played frequently at gay clubs? The Weeknd
58%
#4 Daughter
55%
According to Not Like Us, what does OVO stand for? Other Vaginal Option
44%
What is the only Drake song that features Kendrick Lamar? Buried Alive Interlude
39%
If Drake and J Cole are not Kendrick's real friends, which rapper will Kendrick impersonate the actions of? YNW Melly
38%
According to Not Like Us, where should freaky-ass guys like Drake stay? Inside
31%
What game does Kendrick want Drake to play on Euphoria? Have You Ever
28%
No matching quizzes found
Score Distribution
Percent of People with Each Score
Percentile by Number Answered
Your Score History
You have not taken this quiz